000
00199 a2200097 4500
001
2702
100
_a
Askham, F.
245
_a
The gay delavals
260
_a
_b
Jonathan cape
_c
090
_c
1998
_d
1998
942
_a
NUST-CAE
_c
M
_c
11090
999
_c
237775
_d
237775